00745nam a22001937a 4500003000900000005001700009007000300026008004100029040002500070082001500095110007600110245015600186260003600342300004000378700003300418700002800451700002600479710004600505DO-SdBNP20220720134834.0ta110614s2010 dr acd 000 0 spa d aDO-SdBNPbspacBNPHU axxxxbxxxf aRepública DominicanabInstituto Dominicano de Aviación Civil - IDAC00aMemoria institucional 2010 :bInstituto Dominicano de Aviación Civil - IDACccolaboración Clara María Almonte, Michelle Franjul, Ángel Cuevas  aSanto Domingo :bIDAC,c[2010]. a142 p. :bil., retrs., graf.c28 p.12aAlmonte, Clara Maríaecol.12aFranjul, Michelleecol.12aCuevas, Ángelecol. aInstituto Dominicano de Aviación Civil